| 000 | 00781nam a2200193 a 4500 | ||
|---|---|---|---|
| 003 | AM-YEHGA | ||
| 005 | 20250617164810.0 | ||
| 008 | 050926s1962 ||||||||||||||||||||rus d | ||
| 040 | _aAM-YeHGA | ||
| 041 | 0 | _arus | |
| 111 | 2 |
_aВсесоюзное минералогическое о-во _dУкраинское отделение |
|
| 245 | 1 | 0 |
_aЗаписки Украинского отделения Всесоюзного минералогического общества/ _cАН УССР; Редкол.: А.С. Поваренных (гл. ред.) и др. |
| 260 |
_aКазань : _bИзд-во Казан. ун-та, _c1962. |
||
| 300 | _a188 с. | ||
| 653 | 0 | _aМинералогия - Сборники | |
| 942 |
_2udc _cBK |
||
| 001 | 1828041 | ||
| 090 | _c568163 | ||
| 999 |
_c529680 _d529680 |
||